<?xml version="1.0" encoding="UTF-8"?>
<record
    xmlns:xsi="http://www.w3.org/2001/XMLSchema-instance"
    xsi:schemaLocation="http://www.loc.gov/MARC21/slim http://www.loc.gov/standards/marcxml/schema/MARC21slim.xsd"
    xmlns="http://www.loc.gov/MARC21/slim">

  <leader>02712nam a2200325 a 4500</leader>
  <controlfield tag="003">OSt</controlfield>
  <controlfield tag="005">20250805125549.0</controlfield>
  <controlfield tag="007">cr ||||||a|a|a</controlfield>
  <controlfield tag="008">250626s2025    mx a|||fom||| 001 0 spa d</controlfield>
  <datafield tag="040" ind1=" " ind2=" ">
    <subfield code="e">rda</subfield>
  </datafield>
  <datafield tag="100" ind1="1" ind2=" ">
    <subfield code="a">Cruz Maldonado, Miguel</subfield>
    <subfield code="9">190523</subfield>
  </datafield>
  <datafield tag="245" ind1="1" ind2="0">
    <subfield code="a">Dise&#xF1;o conceptual de un prototipo de molino para pet destinado a zonas Rurales /</subfield>
    <subfield code="c">por Miguel Cruz Maldonado; director de tesis Mar&#xED;a Victoria G&#xF3;mez &#xC1;guila; secretario Luis Tonatiuh Castellanos Serrano; vocal Hubert Tchikou&#xE9;; suplente Bonifacio Gaona Ponce; suplente Omar Res&#xE9;ndiz Cantera.</subfield>
  </datafield>
  <datafield tag="264" ind1=" " ind2="1">
    <subfield code="a">Chapingo, M&#xE9;xico :</subfield>
    <subfield code="b">El autor,</subfield>
    <subfield code="c">2024.</subfield>
  </datafield>
  <datafield tag="300" ind1=" " ind2=" ">
    <subfield code="a">1 recurso en l&#xED;nea (75 p&#xE1;ginas):</subfield>
    <subfield code="b">cuadros, figuras.</subfield>
  </datafield>
  <datafield tag="336" ind1=" " ind2=" ">
    <subfield code="2">rdacontent</subfield>
    <subfield code="a">texto</subfield>
    <subfield code="b">txt</subfield>
  </datafield>
  <datafield tag="337" ind1=" " ind2=" ">
    <subfield code="2">rdamedia</subfield>
    <subfield code="a">computadora</subfield>
    <subfield code="b">c</subfield>
  </datafield>
  <datafield tag="338" ind1=" " ind2=" ">
    <subfield code="2">rdacarrier</subfield>
    <subfield code="a">recurso en l&#xED;nea</subfield>
    <subfield code="b">cr</subfield>
  </datafield>
  <datafield tag="502" ind1=" " ind2=" ">
    <subfield code="b">IMAg</subfield>
    <subfield code="c">Mec&#xE1;nica</subfield>
    <subfield code="d">2024.</subfield>
    <subfield code="g">LIC</subfield>
  </datafield>
  <datafield tag="504" ind1=" " ind2=" ">
    <subfield code="a">Incluye referencias bibliogr&#xE1;ficas: p&#xE1;ginas 51-56.</subfield>
  </datafield>
  <datafield tag="520" ind1=" " ind2=" ">
    <subfield code="a">Este trabajo presenta el dise&#xF1;o de un molino de bajo costo para la trituraci&#xF3;n de PET, espec&#xED;ficamente dise&#xF1;ado para zonas rurales. La generaci&#xF3;n de residuos s&#xF3;lidos es un desaf&#xED;o creciente, y aunque muchos desechos pueden ser reciclados, las m&#xE1;quinas utilizadas para este prop&#xF3;sito suelen ser de gran tama&#xF1;o, alto costo y requieren de personal especializado para su operaci&#xF3;n, instalaci&#xF3;n y mantenimiento, lo que las hace inadecuadas para peque&#xF1;as producciones. Si bien existen alternativas m&#xE1;s econ&#xF3;micas, estas suelen ser adaptaciones de equipos dise&#xF1;ados para otros materiales, lo que compromete su eficiencia. El molino desarrollado en esta tesis se dise&#xF1;&#xF3; utilizando materiales comunes, permitiendo una fabricaci&#xF3;n sencilla sin herramientas especializadas. Su dise&#xF1;o de pocas piezas facilita su comprensi&#xF3;n y operaci&#xF3;n. La m&#xE1;quina puede conectarse tanto a una red el&#xE9;ctrica dom&#xE9;stica como mediante paneles solares, lo que hace f&#xE1;cil de adaptar a diversas condiciones. El molino es impulsado por un motor de 2 caballos de fuerza, utiliza un reductor de velocidad con una relaci&#xF3;n de 15:1 y cuenta con un conjunto de 3 cuchillas m&#xF3;viles y 2 cuchillas fijas.</subfield>
  </datafield>
  <datafield tag="650" ind1=" " ind2="4">
    <subfield code="a">Residuos s&#xF3;lidos</subfield>
    <subfield code="x">Manejo</subfield>
    <subfield code="9">190855</subfield>
  </datafield>
  <datafield tag="650" ind1=" " ind2="4">
    <subfield code="a">Molinos</subfield>
    <subfield code="x">Dise&#xF1;o y construcci&#xF3;n</subfield>
    <subfield code="9">190856</subfield>
  </datafield>
  <datafield tag="700" ind1="1" ind2=" ">
    <subfield code="a">G&#xF3;mez &#xC1;guila, Mar&#xED;a Victoria</subfield>
    <subfield code="e">director de tesis.</subfield>
    <subfield code="9">185726</subfield>
  </datafield>
  <datafield tag="700" ind1="1" ind2=" ">
    <subfield code="a">Castellanos Serrano, Luis Tonatiuh</subfield>
    <subfield code="9">190723</subfield>
    <subfield code="e">secretario.</subfield>
  </datafield>
  <datafield tag="700" ind1="1" ind2=" ">
    <subfield code="a">Tchikou&#xE9;, Hubert</subfield>
    <subfield code="9">190722</subfield>
    <subfield code="e">vocal.</subfield>
  </datafield>
  <datafield tag="700" ind1="1" ind2=" ">
    <subfield code="a">Gaona Ponce, Bonifacio</subfield>
    <subfield code="9">45572</subfield>
    <subfield code="e">suplente.</subfield>
  </datafield>
  <datafield tag="700" ind1="1" ind2=" ">
    <subfield code="a">Res&#xE9;ndiz Cantera, Omar</subfield>
    <subfield code="e">suplente.</subfield>
    <subfield code="9">96132</subfield>
  </datafield>
  <datafield tag="856" ind1=" " ind2=" ">
    <subfield code="u">http://10.13.5.2/tesis/tl/1810528-5_CRUZ_MALDONADO_MIGUEL.pdf</subfield>
    <subfield code="z">DESCARGAR PDF</subfield>
  </datafield>
  <datafield tag="942" ind1=" " ind2=" ">
    <subfield code="2">Clasificaci&#xF3;n Universidad Aut&#xF3;noma Chapingo</subfield>
    <subfield code="c">TD</subfield>
  </datafield>
  <datafield tag="999" ind1=" " ind2=" ">
    <subfield code="c">220699</subfield>
    <subfield code="d">220699</subfield>
  </datafield>
  <datafield tag="952" ind1=" " ind2=" ">
    <subfield code="0">0</subfield>
    <subfield code="1">0</subfield>
    <subfield code="2">local</subfield>
    <subfield code="4">0</subfield>
    <subfield code="5">1</subfield>
    <subfield code="7">0</subfield>
    <subfield code="8">TesDigL</subfield>
    <subfield code="a">BD</subfield>
    <subfield code="b">BD</subfield>
    <subfield code="c">E_L</subfield>
    <subfield code="d">2025-06-26</subfield>
    <subfield code="l">0</subfield>
    <subfield code="o">Tesis digital</subfield>
    <subfield code="r">2025-06-26 15:07:17</subfield>
    <subfield code="w">2025-06-26</subfield>
    <subfield code="y">TD</subfield>
  </datafield>
</record>
